000 00751nab a2200193uuc4500
001 1428470
005 20241120091341.0
008 151201e20120805 spa
035 _a1428470
040 _ccomduadb
041 _aspa
100 1 0 _aGarcía Carrillo, Luz Stella
_4aut
_eaut
_9430997
245 1 0 _aPrincipios para una evaluación formativa en la educación física escolar
650 _aEducación física - Evaluación
_943762
650 7 _aEducación física para niños
_2lemb
_929390
650 _aEducación física escolar
_942891
773 0 _tKinesis : Revista de las Ciencias del Deporte, la Educación Física y la Recreación (Armenia)
_gNúmero 59, Agosto 2012, páginas 13-21
_w1126266
_x0121-6430
_0484850
942 _cARIMP
999 _c726169
_d726169